| 000 | 00956nam a2200301Ia 4500 | ||
|---|---|---|---|
| 001 | Z_1446 | ||
| 003 | CHAP | ||
| 008 | 220113s1991 xx 000 0 und d | ||
| 010 | _a164535 | ||
| 040 | _cCHAP | ||
| 090 | _aTesis T 769 | ||
| 100 |
_aTovar Gutiérrez, Margarita _9114401 |
||
| 245 |
_aPotencial productivo de sorgo perenne (Sorghum almum) en tepetate bajo diferentes dosis de fertilización nitrogenada y fosforada / _cpor Margarita Tovar Gutiérrez |
||
| 260 |
_aChapingo, Méx. : _bEl autor, _c1991 |
||
| 300 | _a61 h. | ||
| 502 | _aTesis (Ing. Agr. Esp. en Zootecnia) -- UACH. Departamento de Zootecnia | ||
| 650 |
_aFósforo _xEfecto en sorgo _942254 |
||
| 650 |
_aNitrógeno _xEfecto en sorgo _981461 |
||
| 650 |
_aSorgo como forraje _9108743 |
||
| 650 |
_aSorgo _xRendimiento _9108714 |
||
| 650 |
_aTepetates _9112332 |
||
| 901 | _aTESIS T 769 | ||
| 902 | _aM | ||
| 910 | _a1991 | ||
| 942 | _c2 | ||
| 942 | _c2 | ||
| 999 |
_c164535 _d164535 |
||